00953nam a2200205 a 4500001001000000003000900010005001700019008004100036040002500077082002700102100003400129245018600163260007000349300002700419500003100446650007700477650004700554651006800601651007800669000016895DO-SdBNP20211203120302.0100312s1970 dr a 000 0 spa d aDO-SdBNPbspacBNPHU 4a394.5097293bN714t2221 aNina Pichardo, Eduardo Fausto10aTradiciones macorisanas :bcomo fueron celebradas las fiestas patronales en el año mil novecientos diez, en San Pedro de Macoris, Sultana del Este /cEduardo Fausto Nina Pichardo. aLa Romana, República Dominicana :bImpresora de la Rosa,c1970. a58 p. :bil. ;c21 cm. aLa biblioteca posee el v.1 4aFestividades religiosaszSan Pedro de Macorís (República Dominicana) 4aCiudades y puebloszRepública Dominicana 4aSan Pedro de Macorís (República Dominicana)xHistoria local 4aSan Pedro de Macorís (República Dominicana)xVida social y costumbres